Cars 2 (Registro nro. 8316)

Detalles MARC
000 -LIDER
fixed length control field 00618nam a22002297a 4500
001 - NÚMERO DE CONTROL
Identificador de número de control 024
003 - IDENTIFICACDOR DE NÚMERO DE CONTROL
control field DO-SdBNP
005 - DATE AND TIME OF LATEST TRANSACTION
control field 20180222155355.0
007 - CAMPOS FIJOS DE DESCRIPCIÓN FÍSICA
fixed length control field 024
008 - ELEMENTOS DE LONGITUD FIJA
fixed length control field 151001b2011 xxc a 00| 0 spa d
020 ## - ISBN
International Standard Book Number 9781894551212
040 ## - FUENTE DE CATALOGACIÓN
Agencia que crea de manera original el registro BPMSU
Idioma de catalogación spa
Agencia que realiza la transcripción BPMSU
100 1# - ASIENTO PRINCIPAL -- NOMBRE PERSONAL
Nombre personal Szwarcberg, Sergio
245 10 - MENCIÓN DE TITULO
Título Cars 2
Subtítulo disney pixar /
Mención de responsabilidad Sergio Szwarcberg
260 ## - PUBLICACIÓN, DISTRIBUCIÓN, ETC. (PIE DE IMPRENTA)
Lugar de publicación, distribución, etc [Quebec]
Nombre del editor, distribuidor, etc. Disney/Pixar :
-- Lexus,
Fecha de publicación, distribución, etc 2011.
300 ## - DESCRIPCIÓN FÍSICA
Extensión 10 p. :
Otros detalles físicos il. ;
Dimensiones 20 cm.
500 ## - NOTA GENERAL
Nota general Contiene 5 rompecabezas de 9 piezas en goma EVA
910 ## - VALIDACIÓN
Validación 202
942 ## - ADDED ENTRY ELEMENTS (KOHA)
Source of classification or shelving scheme Dewey Decimal Classification
Koha item type Libros
945 ## - INFORMACIÓN DE PROCESAMIENTO LOCAL
Información de procesamiento local Inventariado, 2018/ YL
956 ## - LOCAL ELECTRONIC LOCATION AND ACCESS (OCLC)
Nombre de host YLOCKWARD
Número de acceso 10
Información de compresión BPMSU
Existencias
Withdrawn status Lost status Source of classification or shelving scheme Damaged status Not for loan Collection code Home library Current library Date acquired Source of acquisition Cost, normal purchase price Total Checkouts Barcode Date last seen Price effective from Koha item type Copy number
    Dewey Decimal Classification     Colección Infantil General Biblioteca Pública Metropolitana Salomé Ureña Biblioteca Pública Metropolitana Salomé Ureña 10/01/2015 Compra 533.00   BPMSU15100009 10/01/2015 10/01/2015 Libros  
    Dewey Decimal Classification     Colección Infantil General Biblioteca Pública Metropolitana Salomé Ureña Biblioteca Pública Metropolitana Salomé Ureña 10/01/2015 Compra 533.00   BPMSU15100010 10/01/2015 10/01/2015 Libros e. 2
    Dewey Decimal Classification     Colección Infantil General Biblioteca Pública Metropolitana Salomé Ureña Biblioteca Pública Metropolitana Salomé Ureña 10/01/2015 Compra 533.00   BPMSU15100011 10/01/2015 10/01/2015 Libros e. 3